Steel design (Record no. 228078)
[ view plain ]
| 000 -LEADER | |
|---|---|
| fixed length control field | 00453nam a22001937a 4500 |
| 003 - CONTROL NUMBER IDENTIFIER | |
| control field | Nust |
| 005 - DATE AND TIME OF LATEST TRANSACTION | |
| control field | 20170216102758.0 |
| 008 - FIXED-LENGTH DATA ELEMENTS--GENERAL INFORMATION | |
| fixed length control field | 170216b xxu||||| |||| 00| 0 eng d |
| 020 ## - INTERNATIONAL STANDARD BOOK NUMBER | |
| International Standard Book Number | 9781114576004 |
| 040 ## - CATALOGING SOURCE | |
| Transcribing agency | Nust-MCE |
| 082 ## - DEWEY DECIMAL CLASSIFICATION NUMBER | |
| Classification number | 624.1821 |
| Author Mark | SEG |
| -- | N-02, P-37 |
| 100 ## - MAIN ENTRY--PERSONAL NAME | |
| Personal name | William, T. Segui |
| 245 ## - TITLE STATEMENT | |
| Title | Steel design |
| 250 ## - EDITION STATEMENT | |
| Edition statement | 5th edition. |
| 260 ## - PUBLICATION, DISTRIBUTION, ETC. | |
| Place of publication, distribution, etc. | USA |
| Name of publisher, distributor, etc. | Cengage learning |
| 300 ## - PHYSICAL DESCRIPTION | |
| Extent | xiii, 752 p. |
| Other physical details | ill. |
| 650 ## - SUBJECT ADDED ENTRY--TOPICAL TERM | |
| Topical term or geographic name entry element | MCE |
| 942 ## - ADDED ENTRY ELEMENTS (KOHA) | |
| Koha item type | Book |
| Withdrawn status | Lost status | Source of classification or shelving scheme | Damaged status | Not for loan | Permanent Location | Current Location | Date acquired | Total Checkouts | Full call number | Barcode | Checked out | Date last seen | Date last checked out | Price effective from | Koha item type |
|---|---|---|---|---|---|---|---|---|---|---|---|---|---|---|---|
| School of Civil and Environmental Engineering (SCEE) | School of Civil and Environmental Engineering (SCEE) | 11/19/2019 | 2 | 624.1821 SEG | NIT-12297 | 03/20/2025 | 02/18/2025 | 02/18/2025 | 11/19/2019 | Book | |||||
| School of Civil and Environmental Engineering (SCEE) | School of Civil and Environmental Engineering (SCEE) | 11/19/2019 | 1 | 624.1821 SEG | NIT-12298 | 07/01/2025 | 03/03/2025 | 03/03/2025 | 11/19/2019 | Book |
